Normal view
MARC view
- Hanrieder, Wolfram F
Entry Personal Name
001 - CONTROL NUMBER
- control field: 109720
003 - CONTROL NUMBER IDENTIFIER
- control field: NUST
005 - DATE AND TIME OF LATEST TRANSACTION
- control field: 20230302110507.0
008 - FIXED-LENGTH DATA ELEMENTS
- fixed length control field: 230302|| aca||aabn | a|a d
040 ## - CATALOGING SOURCE
- Original cataloging agency: NUST
- Transcribing agency: NUST
100 ## - HEADING--PERSONAL NAME
- Personal name: Hanrieder, Wolfram F
670 ## - SOURCE DATA FOUND
- Source citation: Work cat.: (NUST)184312: Technology, strategy, and arms control /, 1986.
